| 000 | 00714nam a22002177a 4500 | ||
|---|---|---|---|
| 999 |
_c4833 _d4833 |
||
| 003 | AR-CdUCM | ||
| 008 | 190311b ||||| |||| 00| 0 spa d | ||
| 040 |
_aMUNICIPALIDAD PROVINCIAL DEL CUSCO _cBIBLIOTECA MUNICIPAL DEL CUSCO |
||
| 082 |
_a869.5601 / _bG66 |
||
| 100 |
_aGonzales C., Artemio _914892 |
||
| 245 |
_aAna-crónicas de Machu Picchu : _bpoesía / |
||
| 260 |
_aQosqo : _bMunicipalidad del Qosqo, _c1995. |
||
| 300 |
_a48 páginas ; _c20 cm. |
||
| 505 | _aContenido: Variedades -- Reflexiones -- Cuestionarios -- Sueños de piedra. | ||
| 650 |
_aPoemas _9929 |
||
| 650 |
_aCusco _9772 |
||
| 650 |
_aLiteratura _983 |
||
| 710 |
_aMunicipalidad del Qosqo. _96414 |
||
| 942 |
_2ddc _cLIBROS |
||
| 945 | _aachl | ||